000 00493nam a22001577a 4500
003 NUST
038 _aNusrat Nadeem
082 _a200
100 _aKhan, Rabia,
_915088
245 _aCross-Domain Recommendation using Deep Learning/
_cRabia Khan,
264 _aRawalpindi:
_bMCS NUST
_c2026.
650 _aPhD-Computer Software Engineering
_9124478
700 _aSupervisor: Prof Dr. Naima Iltaf
_9133433
856 _uhttp://10.250.8.41:8080/xmlui/handle/123456789/57189
942 _2ddc
_cSC
999 _c616384
_d616384